00513nam a2200181Ia 4500003000900000008004100009020001800050040001600068080001300084100002600097245008300123250001200206260003300218300001400251650004100265650001700306650000800323IN-BaIIA211028s9999 xx 000 0 eng d a0-08-026495-6 cIIA Library a523bJON aJones, Barrie William 4aThe solar systemcBarrie William Jones  a2nd ed. aOxfordbPergamon Pressc1984 axv, 336p. aAstronomy and Astrophysics Thesaurus aSolar System aSun